Central Library OPAC University of Rajshahi

Marine insurance / (Record no. 59972)

MARC details
000 -LEADER
fixed length control field 00813nam a2200265 a 4500
001 - CONTROL NUMBER
control field 59972
003 - CONTROL NUMBER IDENTIFIER
rucl marc code BD-RjUL
005 - DATE AND TIME OF LATEST TRANSACTION
control field 20211209080806.0
008 - FIXED-LENGTH DATA ELEMENTS--GENERAL INFORMATION
fixed length control field 161228r19771974enk b 001 0 eng
020 ## - INTERNATIONAL STANDARD BOOK NUMBER
International Standard Book Number 0406253110 :
Terms of availability £13.00
035 ## - SYSTEM CONTROL NUMBER
System control number (BD-RjUL)60096
040 ## - CATALOGING SOURCE
Original cataloging agency DLC
Transcribing agency DLC
Modifying agency DLC
Language of cataloging eng
041 ## - LANGUAGE CODE
Language code of text/sound track or separate title eng
082 00 - DEWEY DECIMAL CLASSIFICATION NUMBER
Classification number 368.20942
Edition number 23
Author mark and year IVM 1977
100 1# - MAIN ENTRY--PERSONAL NAME
Personal name Ivamy, E. R. Hardy
Fuller form of name (Edward Richard Hardy)
9 (RLIN) 178400
245 10 - TITLE STATEMENT
Title Marine insurance /
Statement of responsibility, etc. by E. R. Hardy Ivamy.
250 ## - EDITION STATEMENT
Edition statement 2nd ed.
260 ## - PUBLICATION, DISTRIBUTION, ETC. (IMPRINT)
Place of publication, distribution, etc. London :
Name of publisher, distributor, etc. Butterworths,
Date of publication, distribution, etc. 1974 [Reprinted 1977]
300 ## - PHYSICAL DESCRIPTION
Pagination liv, 599 p. ;
Size 26 cm.
490 0# - SERIES STATEMENT
Series statement Butterworths insurance library
504 ## - BIBLIOGRAPHY, ETC. NOTE
Bibliography, etc Includes bibliographical references and index.
650 #0 - SUBJECT ADDED ENTRY--TOPICAL TERM
Topical term or geographic name as entry element Marine insurance
Geographic subdivision Great Britain.
9 (RLIN) 178401
942 ## - ADDED ENTRY ELEMENTS (KOHA)
Source of classification or shelving scheme Dewey Decimal Classification
Koha item type Books
Holdings
Lost status Source of classification or shelving scheme Damaged status Not for loan Collection code Permanent Location Current Location Shelving location Date acquired Source of acquisition Cost, normal purchase price Total Checkouts Full call number Date last seen Copy number Koha item type
  Dewey Decimal Classification   Not For Loan Non-fiction Central Library, University of Rajshahi Central Library, University of Rajshahi Reading Room 14/08/1979 Heffer 15.00   368.20942 IVM 1977 28/12/2016 C-1 Books